Normal view
MARC view
- Ph. D Thesis.
Entry Topical Term
001 - CONTROL NUMBER
- control field: 19288
003 - CONTROL NUMBER IDENTIFIER
- control field: NUST
005 - DATE AND TIME OF LATEST TRANSACTION
- control field: 20190817061850.0
008 - FIXED-LENGTH DATA ELEMENTS
- fixed length control field: 190817|| aca||aabn | a|a d
040 ## - CATALOGING SOURCE
- Original cataloging agency: NUST
- Transcribing agency: NUST
150 ## - HEADING--TOPICAL TERM
- Topical term or geographic name entry element: Ph. D Thesis.
670 ## - SOURCE DATA FOUND
- Source citation: Work cat.: (NUST): Yasin, Muhammad 19287, Fabrication of Solution Processed Semiconducting Films Based Devices /, 2016.
